Responses for show #3529 - Thursday, December 30, 1999

Jack Archey game 2.

Contestants

[<< previous game]

Rosemarie Rinaldi, an attorney from Miami, Florida

Matthew McCarthy, a college sophomore from Miami, Florida

Jack Archey, a C.P.A. and comedian from Los Angeles, California (whose 1-day cash winnings total $17,601)

[next game >>]

Jeopardy! Round responses

SO LONG TO THE '90s
CALLING ALL CARS
JOHN TRAVOLTA FILMS
HELLO, GUV
(Alex: You have to name the state governor.)
THE WEIRD & THE SUPERNATURAL
"ROY"ALTY
    $100 4
Flooding

Jack
    $100 22
Caravan

Matthew
    $100 1
Saturday Night Fever

Matthew
    $100 14
Ronald Reagan

Jack
    $100 13
Ouija board

Rosemarie
    $100 3
Kilroy

Jack
    $200 5
Macaulay Culkin

Rosemarie
    $200 23
Taurus

Matthew
    $200 2
Pulp Fiction

Rosemarie
    $200 15
Mario Cuomo

Matthew
    $200 24
Wheel of Fortune

Matthew
    $200 6
(M: What is herringbone?)

Corduroy

MatthewRosemarie
    $300 9
Philippines

Matthew
    $300 28
Saturn

Jack
    $300 19
Get Shorty

Jack
    $300 16
George Wallace

Matthew
    $300 25
Exorcism

Jack
    $300 7
Elroy

Rosemarie
    $400 10
Marcia Clark

Jack
    $400 29
Corvair

Triple Stumper
    $400 20
Phenomenon

Matthew
    $400 17
Bill Clinton

Matthew
    $400 26
Psychokinesis

Matthew
    $400 8
Fauntleroy

Jack
    $500 11
Ken Burns

Rosemarie
    $400 30
Le Sabre

Jack
    $500 21
Brian De Palma

Jack
    $500 18
John Connally

Jack
    $500 27
Kirlian photography

Triple Stumper
    $500 12
Viceroy

Matthew

Scores at the first commercial break (after clue 15):

Jack Matthew Rosemarie
$1,100 $900 $1,500

Scores at the end of the Jeopardy! Round:

Jack Matthew Rosemarie
$3,400 $2,900 $1,500

Double Jeopardy! Round responses

EUROPEAN CITIES
ANIMAL A.K.A.
CLASSIC POP
BORN TO BE WILDE
STUCK IN THE MIDDLE
WITH "EWE"
    $200 1
Berlin

Jack
    $200 11
Bison

Jack
    $200 2
"Lucy in the Sky with Diamonds"

Matthew
    $200 18
Dublin

Jack
    $200 26
Libra

Jack
    $200 12
(J: What is renew?)
(R: What is renewal?)

Renewed

JackRosemarie
Triple Stumper
    $400 4
Cork

Jack
    $400 17
Reindeer

Jack
    $400 3
The Supremes

Matthew
    $400 19
(M: What is "The Portrait of Dorian Gray?")

"The Picture of Dorian Gray"

MatthewRosemarie
    $400 27
Julius

Jack
    $400 13
Brewery

Jack
    $600 5
Seville

Jack
    $600 23
Sea cow

Matthew
    $600 8
"Monster Mash"

Jack
    $600 20
"The Ballad of Reading Gaol"

Triple Stumper
    $600 28
5

Matthew
    $600 14
Viewer

Rosemarie
    $800 6
(R: What is Paris?)

Ghent, Belgium (treaty to end the War of 1812)

Rosemarie
Triple Stumper
    $800 24
Weasel

Triple Stumper
    $800 9
96 tears

Matthew
    $800 21
(M: What is "The Importance of Being Earnest?")

"Lady Windermere's Fan"

MatthewRosemarie
    $800 29
Gaspar

Triple Stumper
    $1,000 15
crewellery

Rosemarie
    $1000 7
(R: What is Calais?)

Le Havre

Rosemarie
Triple Stumper
    $1000 25
Quahog

Triple Stumper
    $1000 10
"Good Vibrations"

Matthew
    $1000 22
An Ideal Husband

Matthew
    $1,000 30
New Hampshire

Matthew
    $1000 16
The Jewel in the Crown

Matthew

Scores at the end of the Double Jeopardy! Round:

Jack Matthew Rosemarie
$6,800 $8,300 $2,300

[wagering suggestions for these scores]

Final Jeopardy! Round responses

HISTORIC QUESTIONS
RosemarieWhat is ?
$700
JackWhat was Do you come here often?
$1,501
MatthewWhat was will you run U.S. Grant
$6,799
"Dr. Livingstone, I presume?"

Final scores:

Jack Matthew Rosemarie
$5,299 $1,501 $1,600
2-day champion: $22,900 3rd place: Polaroid Photomax Digital Camera Creative Kit 2nd place: Trip & Broadway Show to Roosevelt Hotel, New York City

Game dynamics:

Coryat scores:

Jack Matthew Rosemarie
$6,900 $8,300 $2,100
21 R
(including 1 DD),
1 W
20 R
(including 1 DD),
3 W
10 R
(including 1 DD),
3 W

Combined Coryat: $17,300

The J! Archive is created by fans, for fans. The Jeopardy! game show and all elements thereof, including but not limited to copyright and trademark thereto, are the property of Jeopardy Productions, Inc. and are protected under law. This website is not affiliated with, sponsored by, or operated by Jeopardy Productions, Inc. Join the discussion at JBoard.tv.